The power of positive parenting. (Record no. 17129)

000 -LEADER
fixed length control field 00496nam a2200169 a 4500
001 - CONTROL NUMBER
control field :::00020856$&:&@@
003 - CONTROL NUMBER IDENTIFIER
control field OkBaRHE
005 - DATE AND TIME OF LATEST TRANSACTION
control field 20040123132312.0
008 - FIXED-LENGTH DATA ELEMENTS--GENERAL INFORMATION
fixed length control field s1981 j 000 0 eng u
040 ## - CATALOGING SOURCE
Transcribing agency
100 1# - MAIN ENTRY--PERSONAL NAME
Personal name Narramore, Bruce
245 14 - TITLE STATEMENT
Title The power of positive parenting.
260 ## - PUBLICATION, DISTRIBUTION, ETC. (IMPRINT)
Place of publication, distribution, etc Grand Rapids, MI
Name of publisher, distributor, etc Zondervan
Date of publication, distribution, etc 1981
300 ## - PHYSICAL DESCRIPTION
Extent 89 p.
942 ## - ADDED ENTRY ELEMENTS (KOHA)
Source of classification or shelving scheme
Koha item type Books
Copies
Copy number Source of classification or shelving scheme Withdrawn status Barcode Shelving location Not for loan Damaged status Permanent Location Price effective from Koha item type Date acquired Lost status Date last seen Full call number
1  20856General Stacks  RHEMA Bible Training College2010-04-14Books2010-04-14 2010-04-14HQ 755.85 .N372